[Event "13. Ciudad de Dos Hermanas"]
[Site "Dos Hermanas ESP"]
[Date "2005.04.09"]
[Round "9.2"]
[White "Korneev, Oleg"]
[Black "Radjabov, Teimour"]
[Result "1/2-1/2"]
[WhiteElo "2611"]
[BlackElo "2673"]
[PlyCount "39"]
[EventDate "2005.04.01"]
[EventType "tourn"]
[EventRounds "9"]
[EventCountry "ESP"]
[Source "lmi"]
[SourceDate "2005.04.09"]

1. e4 c5 2. Nf3 Nc6 3. d4 cxd4 4. Nxd4 Nf6 5. Nc3 e5 6. Ndb5 d6 7. Bg5 a6 8.
Na3 b5 9. Nd5 Be7 10. Bxf6 Bxf6 11. c3 Bg5 12. Nc2 Ne7 13. Ncb4 O-O 14. a4 bxa4
15. Qxa4 Nxd5 16. Nxd5 Bd7 17. Qd1 a5 18. Bc4 f5 19. exf5 Kh8 20. O-O 1/2-1/2

[Event "13. Ciudad de Dos Hermanas B"]
[Site "Dos Hermanas ESP"]
[Date "2005.04.01"]
[Round "1.1"]
[White "Franco Ocampos, Zenon"]
[Black "Cheparinov, Ivan"]
[Result "1-0"]
[WhiteElo "2529"]
[BlackElo "2621"]
[PlyCount "58"]
[EventDate "2005.04.01"]
[EventType "tourn"]
[EventRounds "1"]
[EventCountry "ESP"]
[Source "lmi"]
[SourceDate "2005.04.09"]

1. d4 Nf6 2. c4 e6 3. Nf3 d5 4. e3 Bb4+ 5. Nbd2 O-O 6. a3 Bd6 7. Bd3 b6 8. e4
dxe4 9. Nxe4 Bb7 10. Nxf6+ gxf6 11. Bh6 Re8 12. Ne5 f5 13. Qh5 Qf6 14. O-O-O
Nc6 15. f4 Nxd4 16. Rhe1 Nc6 17. Bg5 Qg7 18. Nd7 Be7 19. Re3 Rad8 20. Bc2 Bxg5
21. fxg5 Rxd7 22. Rxd7 Nd4 23. g3 Rf8 24. Qh6 Nxc2 25. Qxg7+ Kxg7 26. Kxc2 Be4+
27. Kc3 Rc8 28. g4 Kg6 29. h4 Bc6 1-0

[Event "13. Ciudad de Dos Hermanas B"]
[Site "Dos Hermanas ESP"]
[Date "2005.04.01"]
[Round "1.2"]
[White "Garcia Luque, Agustin"]
[Black "Fernandez Romero, Ernesto"]
[Result "1/2-1/2"]
[WhiteElo "2376"]
[BlackElo "2449"]
[PlyCount "42"]
[EventDate "2005.04.01"]
[EventType "tourn"]
[EventRounds "1"]
[EventCountry "ESP"]
[Source "lmi"]
[SourceDate "2005.04.09"]

1. e4 e6 2. d3 d5 3. Nd2 Nc6 4. Ngf3 Nf6 5. c3 a5 6. Be2 e5 7. O-O Be7 8. Re1
O-O 9. Bf1 Re8 10. exd5 Qxd5 11. Qb3 Bd6 12. Qxd5 Nxd5 13. a4 Nb6 14. Ne4 Bf8
15. d4 Bg4 16. Nxe5 Nxe5 17. dxe5 Rxe5 18. Bf4 Re7 19. h3 Bf5 20. Ng3 Rxe1 21.
Rxe1 Bc2 1/2-1/2

[Event "13. Ciudad de Dos Hermanas B"]
[Site "Dos Hermanas ESP"]
[Date "2005.04.01"]
[Round "1.3"]
[White "Teran Alvarez, Ismael"]
[Black "Cifuentes Parada, Roberto"]
[Result "1-0"]
[WhiteElo "2430"]
[BlackElo "2521"]
[PlyCount "130"]
[EventDate "2005.04.01"]
[EventType "tourn"]
[EventRounds "1"]
[EventCountry "ESP"]
[Source "lmi"]
[SourceDate "2005.04.09"]

1. e4 c5 2. Nf3 Nc6 3. d4 cxd4 4. Nxd4 Nf6 5. Nc3 e5 6. Ndb5 d6 7. Bg5 a6 8.
Na3 b5 9. Bxf6 gxf6 10. Nd5 f5 11. Bd3 Be6 12. c3 Bg7 13. Qh5 O-O 14. O-O h6
15. Nc2 fxe4 16. Bxe4 f5 17. Nf4 exf4 18. Bxc6 Rc8 19. Qf3 d5 20. Nb4 d4 21.
Rad1 a5 22. Bd5 Re8 23. Bxe6+ Rxe6 24. Nc2 Re4 25. Nxd4 Bxd4 26. Rxd4 Rxd4 27.
cxd4 Qxd4 28. Qb3+ Kg7 29. Qxb5 Rc5 30. Qb7+ Kg6 31. Re1 Qd6 32. Qa8 Qd5 33.
Qe8+ Qf7 34. Qb8 Kg5 35. Qd8+ Kh5 36. Qd1+ Kg5 37. Qd8+ Kh5 38. Qd4 Rc4 39.
Qd1+ Kg5 40. Qd8+ Kh5 41. b3 Rc5 42. Qd1+ Kg5 43. Qd8+ Kh5 44. Qd4 Qc7 45. Qd1+
Kg5 46. h3 Rc2 47. Qd4 Qc5 48. Qxc5 Rxc5 49. Re2 Rc1+ 50. Kh2 Ra1 51. Rc2 h5
52. g3 f3 53. Rc6 h4 54. gxh4+ Kh5 55. a4 f4 56. Rc3 Kxh4 57. Rxf3 Kg5 58. Kg2
Rb1 59. Rc3 Rd1 60. Kf3 Rd5 61. Ke4 Rd2 62. Rc5+ Kh4 63. f3 Rb2 64. Rb5 Kg3 65.
Rg5+ Kxh3 1-0

[Event "13. Ciudad de Dos Hermanas B"]
[Site "Dos Hermanas ESP"]
[Date "2005.04.01"]
[Round "1.5"]
[White "Perez Candelario, Manuel"]
[Black "Matamoros Franco, Carlos S"]
[Result "1/2-1/2"]
[WhiteElo "2495"]
[BlackElo "2498"]
[PlyCount "65"]
[EventDate "2005.04.01"]
[EventType "tourn"]
[EventRounds "1"]
[EventCountry "ESP"]
[Source "lmi"]
[SourceDate "2005.04.09"]

1. e4 e5 2. Nf3 Nc6 3. Bb5 Nf6 4. O-O Nxe4 5. d4 Nd6 6. Bxc6 dxc6 7. dxe5 Nf5
8. Qxd8+ Kxd8 9. Nc3 h6 10. h3 Bd7 11. b3 Ne7 12. Bb2 Ng6 13. Ne4 Kc8 14. Rad1
a5 15. a4 b6 16. Ng3 h5 17. Ng5 Be7 18. Nxf7 Rf8 19. Rfe1 Nf4 20. e6 Bxe6 21.
Ne5 Bc5 22. Bd4 Bxd4 23. Rxd4 c5 24. Rd2 h4 25. Ne2 Nxe2+ 26. Rexe2 Bf5 27. Nf3
Rh8 28. Re7 g6 29. Ne5 Rd8 30. Re2 Kb7 31. Nc4 Rd4 32. Kh2 Rad8 33. Ne3 1/2-1/2

[Event "13. Ciudad de Dos Hermanas B"]
[Site "Dos Hermanas ESP"]
[Date "2005.04.02"]
[Round "2.3"]
[White "Cifuentes Parada, Roberto"]
[Black "Rodriguez Guerrero, Enrique"]
[Result "0-1"]
[WhiteElo "2521"]
[BlackElo "2449"]
[PlyCount "102"]
[EventDate "2005.04.01"]
[EventType "tourn"]
[EventRounds "1"]
[EventCountry "ESP"]
[Source "lmi"]
[SourceDate "2005.04.09"]

1. d4 Nf6 2. Nf3 g6 3. c4 Bg7 4. Nc3 d5 5. Bg5 Ne4 6. Bh4 Nxc3 7. bxc3 dxc4 8.
Qa4+ Qd7 9. Qxc4 b6 10. e3 Ba6 11. Qb3 Bxf1 12. Kxf1 O-O 13. Rd1 Nc6 14. Ke2
Na5 15. Qb4 Rfe8 16. Rd3 Rac8 17. Rhd1 Qd5 18. a4 Bf8 19. Qb1 c6 20. Kf1 Qc4
21. Qc2 c5 22. Ne5 Qd5 23. Qe2 Bg7 24. Bg3 Qb3 25. Ra1 c4 26. Rdd1 Qxc3 27. f4
Qb4 28. Be1 c3 29. Rdb1 Qd6 30. Qa2 Bxe5 31. fxe5 Qd7 32. Rc1 Qf5+ 33. Ke2 Qe4
34. Kf2 Qf5+ 35. Ke2 Qe4 36. Kf2 c2 37. Bxa5 bxa5 38. Qb3 Rc7 39. Ra3 Rec8 40.
Qd3 Qd5 41. Rb3 Rc4 42. Rb5 Qd7 43. Rxa5 Rc3 44. Qe4 e6 45. h4 Qe7 46. Rc5
R3xc5 47. dxc5 Qxc5 48. h5 gxh5 49. Qf4 Qc3 50. Qg5+ Kf8 51. e4 Qd4+ 0-1

[Event "13. Ciudad de Dos Hermanas B"]
[Site "Dos Hermanas ESP"]
[Date "2005.04.02"]
[Round "2.5"]
[White "Franco Ocampos, Zenon"]
[Black "Garcia Luque, Agustin"]
[Result "1-0"]
[WhiteElo "2529"]
[BlackElo "2376"]
[PlyCount "67"]
[EventDate "2005.04.01"]
[EventType "tourn"]
[EventRounds "1"]
[EventCountry "ESP"]
[Source "lmi"]
[SourceDate "2005.04.09"]

1. d4 Nf6 2. c4 g6 3. Nc3 Bg7 4. e4 d6 5. Be2 O-O 6. Nf3 a5 7. O-O Na6 8. Re1
e5 9. Bf1 exd4 10. Nxd4 Ng4 11. h3 Ne5 12. Be3 Nc5 13. Ndb5 b6 14. f4 Ned7 15.
Bd4 Bh6 16. g3 Bb7 17. Bg2 Ne6 18. Be3 Bg7 19. Qd2 Re8 20. Rad1 Ndc5 21. Qf2
Qb8 22. g4 Nf8 23. Bd4 f6 24. h4 Nfe6 25. Be3 Nd8 26. Nd5 Nxe4 27. Bxe4 Rxe4
28. Nbxc7 Nf7 29. Bd4 Qc8 30. Rxe4 Qxg4+ 31. Kh2 Qxd1 32. Nxa8 Nh6 33. Qe2 Ng4+
34. Kg3 1-0

[Event "13. Ciudad de Dos Hermanas B"]
[Site "Dos Hermanas ESP"]
[Date "2005.04.03"]
[Round "3.1"]
[White "Garcia Luque, Agustin"]
[Black "Cheparinov, Ivan"]
[Result "0-1"]
[WhiteElo "2376"]
[BlackElo "2621"]
[PlyCount "124"]
[EventDate "2005.04.01"]
[EventType "tourn"]
[EventRounds "1"]
[EventCountry "ESP"]
[Source "lmi"]
[SourceDate "2005.04.09"]

1. e4 c5 2. Nf3 d6 3. c3 Nf6 4. Bd3 Bg4 5. h3 Bxf3 6. Qxf3 Nc6 7. O-O g6 8. Bb5
Qb6 9. Na3 Bg7 10. Be2 O-O 11. Nc4 Qc7 12. d3 b5 13. Ne3 b4 14. Qg3 Rab8 15. h4
bxc3 16. bxc3 Nd7 17. Nd5 Qd8 18. Bg5 h6 19. Be3 e6 20. Qxd6 Rc8 21. Nf4 Be5
22. Nxe6 Qxh4 23. g3 Bxd6 24. gxh4 fxe6 25. Bxh6 Rfe8 26. f4 Be7 27. Bg5 Bf6
28. Rac1 Rb8 29. Bd1 Kg7 30. Ba4 Rbc8 31. Kg2 Nb6 32. Bb5 Rf8 33. Ba6 Rcd8 34.
Rb1 Rf7 35. Bb5 Rc8 36. Rbc1 Na5 37. Kg3 Rb8 38. Kg4 Na8 39. a4 Nc7 40. d4 Nxb5
41. axb5 Rxb5 42. Bxf6+ Kxf6 43. c4 Rb4 44. e5+ Kg7 45. d5 Nxc4 46. dxe6 Re7
47. Rfe1 Rxe6 48. Kh3 Nb6 49. Rxc5 Rxf4 50. Rg1 Rf5 51. Ra1 Re7 52. Rca5 Rfxe5
53. Rxa7 Kh6 54. R7a6 Nd5 55. Ra8 Nf6 56. Rh8+ Kg7 57. Rha8 Re3+ 58. Kh2 Ng4+
59. Kg2 Nh6 60. R8a4 Nf5 61. Kh2 Rd3 62. Rg4 Kh6 0-1

[Event "13. Ciudad de Dos Hermanas B"]
[Site "Dos Hermanas ESP"]
[Date "2005.04.03"]
[Round "3.3"]
[White "Rodriguez Guerrero, Enrique"]
[Black "Fernandez Romero, Ernesto"]
[Result "1-0"]
[WhiteElo "2449"]
[BlackElo "2449"]
[PlyCount "151"]
[EventDate "2005.04.01"]
[EventType "tourn"]
[EventRounds "1"]
[EventCountry "ESP"]
[Source "lmi"]
[SourceDate "2005.04.09"]

1. e4 c5 2. Nf3 Nf6 3. e5 Nd5 4. Nc3 Nxc3 5. dxc3 Nc6 6. Bf4 e6 7. Qd2 h6 8. h4
b6 9. h5 Bb7 10. c4 Qc7 11. O-O-O O-O-O 12. Rh3 Ne7 13. Bh2 g5 14. hxg6 Nxg6
15. Rh5 Bg7 16. Qe3 Qc6 17. Bd3 Bf8 18. b3 Rg8 19. Bg3 Kb8 20. Kb1 Ka8 21. Rhh1
Qc7 22. Be4 Bxe4 23. Qxe4+ Qb7 24. Qe3 Bg7 25. Rd3 Ne7 26. Rhd1 Nf5 27. Qd2 f6
28. Rxd7 Rxd7 29. Qxd7 Qxd7 30. Rxd7 Nxg3 31. fxg3 fxe5 32. Nd2 e4 33. Nxe4 Be5
34. Rd3 Kb7 35. Kc1 Rg4 36. Re3 Bd4 37. Re2 Kc7 38. Kd2 h5 39. c3 Bg7 40. Ke3
Be5 41. Kf3 Bd6 42. Re1 Rg7 43. Rh1 Rf7+ 44. Ke2 Rf5 45. Rd1 Be5 46. Ke3 a6 47.
Rh1 Kc6 48. Rh4 Bc7 49. Ke2 a5 50. Rh1 Re5 51. Ke3 Rf5 52. Rd1 Rf8 53. Ke2 Rg8
54. Rh1 Bxg3 55. Rxh5 Bc7 56. Kf3 Rf8+ 57. Ke3 Rf1 58. g4 Re1+ 59. Kf3 Rf1+ 60.
Ke3 Re1+ 61. Kf3 Rf1+ 62. Ke2 Ra1 63. g5 Rxa2+ 64. Kf3 Ra1 65. g6 Rg1 66. Rg5
Rxg5 67. Nxg5 Be5 68. Nxe6 Bxc3 69. Ke4 b5 70. Kd3 Bf6 71. g7 Bxg7 72. Nxg7 a4
73. bxa4 bxa4 74. Kc3 Kd6 75. Kb2 Ke5 76. Ne8 1-0

[Event "13. Ciudad de Dos Hermanas B"]
[Site "Dos Hermanas ESP"]
[Date "2005.04.03"]
[Round "3.5"]
[White "Matamoros Franco, Carlos S"]
[Black "Campora, Daniel Hugo"]
[Result "1/2-1/2"]
[WhiteElo "2498"]
[BlackElo "2545"]
[PlyCount "27"]
[EventDate "2005.04.01"]
[EventType "tourn"]
[EventRounds "1"]
[EventCountry "ESP"]
[Source "lmi"]
[SourceDate "2005.04.09"]

1. d4 d5 2. c4 e6 3. Nc3 Nf6 4. Bg5 Be7 5. e3 O-O 6. Nf3 c6 7. Rc1 Nbd7 8. Bd3
dxc4 9. Bxc4 Nd5 10. Bxe7 Qxe7 11. O-O Nxc3 12. Rxc3 e5 13. Bb3 g6 14. e4
1/2-1/2

[Event "13. Ciudad de Dos Hermanas B"]
[Site "Dos Hermanas ESP"]
[Date "2005.04.04"]
[Round "4.2"]
[White "Cifuentes Parada, Roberto"]
[Black "Matamoros Franco, Carlos S"]
[Result "1/2-1/2"]
[WhiteElo "2521"]
[BlackElo "2498"]
[PlyCount "29"]
[EventDate "2005.04.01"]
[EventType "tourn"]
[EventRounds "1"]
[EventCountry "ESP"]
[Source "lmi"]
[SourceDate "2005.04.09"]

1. d4 d5 2. c4 e6 3. Nc3 Be7 4. Nf3 Nf6 5. Bg5 h6 6. Bh4 O-O 7. e3 Ne4 8. Bxe7
Qxe7 9. Rc1 Nxc3 10. Rxc3 c6 11. Bd3 Nd7 12. O-O e5 13. dxe5 dxc4 14. Bxc4 Nxe5
15. Nxe5 1/2-1/2

[Event "13. Ciudad de Dos Hermanas B"]
[Site "Dos Hermanas ESP"]
[Date "2005.04.04"]
[Round "4.3"]
[White "Fernandez Romero, Ernesto"]
[Black "Perez Candelario, Manuel"]
[Result "1/2-1/2"]
[WhiteElo "2449"]
[BlackElo "2495"]
[PlyCount "47"]
[EventDate "2005.04.01"]
[EventType "tourn"]
[EventRounds "1"]
[EventCountry "ESP"]
[Source "lmi"]
[SourceDate "2005.04.09"]

1. e4 e5 2. Nf3 Nc6 3. Bb5 a6 4. Ba4 Nf6 5. O-O Be7 6. Re1 b5 7. Bb3 d6 8. c3
O-O 9. h3 Na5 10. Bc2 c5 11. d4 Qc7 12. b4 cxb4 13. cxb4 Nc4 14. Nbd2 Nd7 15.
Nxc4 bxc4 16. Be3 Rb8 17. Rb1 exd4 18. Nxd4 Ne5 19. f4 Nc6 20. Nxc6 Qxc6 21.
Bd4 Bd8 22. Kh2 f6 23. a4 Be6 24. Qh5 1/2-1/2

[Event "13. Ciudad de Dos Hermanas B"]
[Site "Dos Hermanas ESP"]
[Date "2005.04.04"]
[Round "4.5"]
[White "Garcia Luque, Agustin"]
[Black "Teran Alvarez, Ismael"]
[Result "1/2-1/2"]
[WhiteElo "2376"]
[BlackElo "2430"]
[PlyCount "112"]
[EventDate "2005.04.01"]
[EventType "tourn"]
[EventRounds "1"]
[EventCountry "ESP"]
[Source "lmi"]
[SourceDate "2005.04.09"]

1. e4 c5 2. Nf3 d6 3. c3 Nf6 4. Bd3 Bg4 5. h3 Bxf3 6. Qxf3 Nc6 7. O-O g6 8. Bb5
Qb6 9. Bxc6+ Qxc6 10. Re1 Bg7 11. d4 O-O 12. d5 Qa6 13. Na3 Nd7 14. Bg5 Rfe8
15. Qe2 Qxe2 16. Rxe2 Nb6 17. Rd1 h6 18. Bf4 Na4 19. Rdd2 Rad8 20. Nc4 b5 21.
Na5 Rd7 22. e5 dxe5 23. Bxe5 Nb6 24. Bxg7 Kxg7 25. d6 Kf8 26. dxe7+ Rexe7 27.
Kf1 Na4 28. Nc6 Rxe2 29. Kxe2 Rc7 30. Na5 c4 31. Kd1 Nc5 32. Rd8+ Ke7 33. Ra8
Kd7 34. Rb8 a6 35. Rb6 Nd3 36. Rxa6 Nxb2+ 37. Kc2 Nd3 38. Rb6 Rc5 39. Rf6 Rf5
40. Rxf5 gxf5 41. a4 bxa4 42. Nxc4 Ne1+ 43. Kd2 Nxg2 44. Nb6+ Kc6 45. Nxa4 Nf4
46. Ke3 Nxh3 47. f4 h5 48. c4 h4 49. Kf3 f6 50. Nc3 Kc5 51. Nd5 Ng5+ 52. fxg5
fxg5 53. Ne3 f4 54. Ng4 Kxc4 55. Ne5+ Kd4 56. Nf7 h3 1/2-1/2

[Event "13. Ciudad de Dos Hermanas B"]
[Site "Dos Hermanas ESP"]
[Date "2005.04.05"]
[Round "5.1"]
[White "Teran Alvarez, Ismael"]
[Black "Cheparinov, Ivan"]
[Result "0-1"]
[WhiteElo "2430"]
[BlackElo "2621"]
[PlyCount "52"]
[EventDate "2005.04.01"]
[EventType "tourn"]
[EventRounds "1"]
[EventCountry "ESP"]
[Source "lmi"]
[SourceDate "2005.04.09"]

1. d4 Nf6 2. Nf3 d5 3. c4 e6 4. Nc3 Bb4 5. Bg5 dxc4 6. e4 b5 7. a4 c6 8. e5 h6
9. Bd2 Bxc3 10. bxc3 Nd5 11. Qc2 a6 12. h4 Nd7 13. Rh3 Bb7 14. Rg3 Kf8 15. Rb1
Qc7 16. Qe4 Ne7 17. Qf4 Nb6 18. Bc1 Nxa4 19. Nd2 c5 20. Ba3 Nf5 21. Rh3 Kg8 22.
Ne4 Bxe4 23. Qxe4 Rd8 24. Bxc5 Nxc5 25. dxc5 Rd5 26. f4 h5 0-1

[Event "13. Ciudad de Dos Hermanas B"]
[Site "Dos Hermanas ESP"]
[Date "2005.04.05"]
[Round "5.2"]
[White "Rodriguez Guerrero, Enrique"]
[Black "Garcia Luque, Agustin"]
[Result "1-0"]
[WhiteElo "2449"]
[BlackElo "2376"]
[PlyCount "51"]
[EventDate "2005.04.01"]
[EventType "tourn"]
[EventRounds "1"]
[EventCountry "ESP"]
[Source "lmi"]
[SourceDate "2005.04.09"]

1. e4 c6 2. d4 d5 3. Nc3 dxe4 4. Nxe4 Nd7 5. Ng5 Ngf6 6. Bd3 e6 7. N1f3 Bd6 8.
Qe2 h6 9. Ne4 Nxe4 10. Qxe4 Qc7 11. O-O b6 12. Qg4 g5 13. Qh3 Rg8 14. Re1 g4
15. Qxh6 gxf3 16. Rxe6+ fxe6 17. Qxe6+ Be7 18. Qxg8+ Nf8 19. Bg6+ Kd7 20. Bf5+
Ke8 21. Bg6+ Kd7 22. Bf5+ Ke8 23. Bh6 Bxf5 24. Re1 Qd6 25. Qxf8+ Kd7 26. Qxf5+
1-0

[Event "13. Ciudad de Dos Hermanas B"]
[Site "Dos Hermanas ESP"]
[Date "2005.04.05"]
[Round "5.3"]
[White "Perez Candelario, Manuel"]
[Black "Franco Ocampos, Zenon"]
[Result "1-0"]
[WhiteElo "2495"]
[BlackElo "2529"]
[PlyCount "65"]
[EventDate "2005.04.01"]
[EventType "tourn"]
[EventRounds "1"]
[EventCountry "ESP"]
[Source "lmi"]
[SourceDate "2005.04.09"]

1. e4 d6 2. d4 Nf6 3. Nc3 g6 4. f3 c6 5. Be3 b5 6. g4 h5 7. g5 Nfd7 8. Bg2 Nb6
9. b3 N8d7 10. Nh3 Bb7 11. O-O Bg7 12. f4 e5 13. dxe5 dxe5 14. f5 Qc7 15. Qf3
O-O-O 16. a4 a6 17. a5 Na8 18. Nf2 Bf8 19. Nd3 Bd6 20. b4 c5 21. bxc5 Nxc5 22.
fxg6 fxg6 23. Nd5 Bxd5 24. exd5 Rdf8 25. Qh3+ Nd7 26. Nf2 Kb8 27. c4 b4 28.
Rfb1 Rxf2 29. Bxf2 Rf8 30. Be3 Rf5 31. Kh1 Bc5 32. Bxc5 Qxc5 33. Qc3 1-0

[Event "13. Ciudad de Dos Hermanas B"]
[Site "Dos Hermanas ESP"]
[Date "2005.04.05"]
[Round "5.4"]
[White "Matamoros Franco, Carlos S"]
[Black "Fernandez Romero, Ernesto"]
[Result "1/2-1/2"]
[WhiteElo "2498"]
[BlackElo "2449"]
[PlyCount "34"]
[EventDate "2005.04.01"]
[EventType "tourn"]
[EventRounds "1"]
[EventCountry "ESP"]
[Source "lmi"]
[SourceDate "2005.04.09"]

1. c4 e5 2. g3 Nf6 3. Bg2 c6 4. d4 Bb4+ 5. Bd2 Bxd2+ 6. Qxd2 e4 7. Nc3 d5 8.
cxd5 cxd5 9. f3 exf3 10. Nxf3 O-O 11. O-O Nc6 12. Ng5 h6 13. Nh3 Bxh3 14. Bxh3
Re8 15. Rad1 Qe7 16. Bg2 Rad8 17. Rf5 Qe6 1/2-1/2

[Event "13. Ciudad de Dos Hermanas B"]
[Site "Dos Hermanas ESP"]
[Date "2005.04.05"]
[Round "5.5"]
[White "Campora, Daniel Hugo"]
[Black "Cifuentes Parada, Roberto"]
[Result "1/2-1/2"]
[WhiteElo "2545"]
[BlackElo "2521"]
[PlyCount "43"]
[EventDate "2005.04.01"]
[EventType "tourn"]
[EventRounds "1"]
[EventCountry "ESP"]
[Source "lmi"]
[SourceDate "2005.04.09"]

1. e4 c5 2. Nf3 e6 3. d4 cxd4 4. Nxd4 Nf6 5. Bd3 Nc6 6. Nxc6 dxc6 7. O-O e5 8.
Nd2 Bg4 9. Qe1 Bc5 10. Nc4 Qe7 11. Bd2 a6 12. b4 Bd4 13. Bc3 Rd8 14. Bxd4 Rxd4
15. f4 exf4 16. e5 Nd5 17. Nd6+ Kf8 18. Bf5 Bxf5 19. Nxf5 Qxb4 20. Nxd4 Qxd4+
21. Qf2 Qxf2+ 22. Kxf2 1/2-1/2

[Event "13. Ciudad de Dos Hermanas B"]
[Site "Dos Hermanas ESP"]
[Date "2005.04.06"]
[Round "6.1"]
[White "Cheparinov, Ivan"]
[Black "Cifuentes Parada, Roberto"]
[Result "1/2-1/2"]
[WhiteElo "2621"]
[BlackElo "2521"]
[PlyCount "93"]
[EventDate "2005.04.01"]
[EventType "tourn"]
[EventRounds "1"]
[EventCountry "ESP"]
[Source "lmi"]
[SourceDate "2005.04.09"]

1. e4 e5 2. Nf3 Nc6 3. Bb5 Nf6 4. O-O Nxe4 5. d4 Nd6 6. Bxc6 dxc6 7. dxe5 Nf5
8. Qxd8+ Kxd8 9. Nc3 Ke8 10. h3 Be7 11. b3 Be6 12. Bb2 Rd8 13. Rad1 Rxd1 14.
Rxd1 h5 15. Ne2 g5 16. Nfd4 Nxd4 17. Nxd4 Rh6 18. Nxe6 Rxe6 19. Rd3 c5 20. c4
a6 21. g3 b5 22. Bc3 Rb6 23. Rd1 g4 24. Kg2 b4 25. Bb2 a5 26. f4 gxf3+ 27. Kxf3
a4 28. Bc1 Ra6 29. Bf4 axb3 30. axb3 Ra2 31. Rd3 Rh2 32. h4 Rc2 33. g4 hxg4+
34. Kxg4 f6 35. e6 Bd6 36. Bxd6 cxd6 37. h5 Rg2+ 38. Rg3 f5+ 39. Kh4 Re2 40. h6
Rxe6 41. Kh5 Kf7 42. Rg7+ Kf8 43. Rg6 Re3 44. Kg5 Rh3 45. Kxf5 Kf7 46. Rxd6
Rxb3 47. Rc6 1/2-1/2

[Event "13. Ciudad de Dos Hermanas B"]
[Site "Dos Hermanas ESP"]
[Date "2005.04.06"]
[Round "6.3"]
[White "Franco Ocampos, Zenon"]
[Black "Matamoros Franco, Carlos S"]
[Result "1/2-1/2"]
[WhiteElo "2529"]
[BlackElo "2498"]
[PlyCount "46"]
[EventDate "2005.04.01"]
[EventType "tourn"]
[EventRounds "1"]
[EventCountry "ESP"]
[Source "lmi"]
[SourceDate "2005.04.09"]

1. d4 d5 2. c4 e6 3. Nc3 Be7 4. Nf3 Nf6 5. Bg5 h6 6. Bh4 O-O 7. e3 Ne4 8. Bxe7
Qxe7 9. Bd3 Nxc3 10. bxc3 dxc4 11. Bxc4 b6 12. O-O Bb7 13. Qe2 c5 14. Rfd1 Nd7
15. Ba6 Nf6 16. Bxb7 Qxb7 17. Ne5 Rac8 18. Rac1 cxd4 19. cxd4 Rxc1 20. Rxc1 Rc8
21. Qb2 Nd7 22. Rxc8+ Qxc8 23. Nxd7 Qxd7 1/2-1/2

[Event "13. Ciudad de Dos Hermanas B"]
[Site "Dos Hermanas ESP"]
[Date "2005.04.07"]
[Round "7.1"]
[White "Rodriguez Guerrero, Enrique"]
[Black "Cheparinov, Ivan"]
[Result "1/2-1/2"]
[WhiteElo "2449"]
[BlackElo "2621"]
[PlyCount "48"]
[EventDate "2005.04.01"]
[EventType "tourn"]
[EventRounds "1"]
[EventCountry "ESP"]
[Source "lmi"]
[SourceDate "2005.04.09"]

1. e4 c5 2. Nf3 e6 3. d4 cxd4 4. Nxd4 Nf6 5. Nc3 d6 6. Be3 a6 7. f3 b5 8. g4 h6
9. Qd2 b4 10. Na4 Nbd7 11. O-O-O Ne5 12. b3 Bd7 13. Nb2 d5 14. Bf4 Nxf3 15.
Nxf3 Nxe4 16. Qd4 Qa5 17. Bd3 Nc3 18. Rde1 Qxa2 19. Nd1 Qa1+ 20. Kd2 Nb1+ 21.
Kc1 Nc3+ 22. Kd2 Nb1+ 23. Kc1 Nc3+ 24. Kd2 Nb1+ 1/2-1/2

[Event "13. Ciudad de Dos Hermanas B"]
[Site "Dos Hermanas ESP"]
[Date "2005.04.07"]
[Round "7.3"]
[White "Matamoros Franco, Carlos S"]
[Black "Garcia Luque, Agustin"]
[Result "1-0"]
[WhiteElo "2498"]
[BlackElo "2376"]
[PlyCount "111"]
[EventDate "2005.04.01"]
[EventType "tourn"]
[EventRounds "1"]
[EventCountry "ESP"]
[Source "lmi"]
[SourceDate "2005.04.09"]

1. c4 Nf6 2. g3 g6 3. Bg2 Bg7 4. Nc3 O-O 5. d4 d6 6. Nf3 c6 7. O-O Bf5 8. b3
Ne4 9. Bb2 Nxc3 10. Bxc3 Be4 11. e3 Qc8 12. Rc1 Nd7 13. Bh3 Ne5 14. Ng5 Bf5 15.
dxe5 Bxh3 16. Nxh3 Qxh3 17. exd6 Rfd8 18. dxe7 Rxd1 19. Rfxd1 Qc8 20. Rd8+ Qxd8
21. exd8=Q+ Rxd8 22. Be1 f5 23. Kf1 Kf7 24. Ke2 g5 25. Bc3 Bf8 26. h3 g4 27.
hxg4 fxg4 28. b4 a6 29. a4 h5 30. Rb1 b5 31. axb5 axb5 32. cxb5 cxb5 33. Ra1
Rc8 34. Ra7+ Kg6 35. Ra6+ Kh7 36. Kd3 Rc4 37. Rb6 Bxb4 38. Bd4 Be1 39. Rxb5 Ra4
40. Ke2 Bb4 41. Rxh5+ Kg6 42. Rb5 Ra2+ 43. Kf1 Be7 44. Kg2 Re2 45. Rb2 Rxb2 46.
Bxb2 Kf5 47. f3 gxf3+ 48. Kxf3 Bd8 49. e4+ Ke6 50. Kg4 Bc7 51. Bc1 Bd6 52. Bf4
Be7 53. Kh5 Kf7 54. g4 Bf6 55. Kh6 Bg7+ 56. Kh7 1-0

[Event "13. Ciudad de Dos Hermanas B"]
[Site "Dos Hermanas ESP"]
[Date "2005.04.07"]
[Round "7.4"]
[White "Campora, Daniel Hugo"]
[Black "Franco Ocampos, Zenon"]
[Result "1/2-1/2"]
[WhiteElo "2545"]
[BlackElo "2529"]
[PlyCount "29"]
[EventDate "2005.04.01"]
[EventType "tourn"]
[EventRounds "1"]
[EventCountry "ESP"]
[Source "lmi"]
[SourceDate "2005.04.09"]

1. d4 d5 2. c4 c6 3. cxd5 cxd5 4. Nc3 Nf6 5. Nf3 Nc6 6. Bf4 Bf5 7. e3 e6 8. Bb5
Nd7 9. O-O Rc8 10. Rc1 a6 11. Bxc6 Rxc6 12. Na4 Qc8 13. Qd2 Be7 14. Ne5 Nxe5
15. Bxe5 1/2-1/2

[Event "13. Ciudad de Dos Hermanas B"]
[Site "Dos Hermanas ESP"]
[Date "2005.04.08"]
[Round "8.1"]
[White "Cheparinov, Ivan"]
[Black "Fernandez Romero, Ernesto"]
[Result "1/2-1/2"]
[WhiteElo "2621"]
[BlackElo "2449"]
[PlyCount "115"]
[EventDate "2005.04.01"]
[EventType "tourn"]
[EventRounds "1"]
[EventCountry "ESP"]
[Source "lmi"]
[SourceDate "2005.04.09"]

1. e4 e6 2. d4 d5 3. Nc3 Bb4 4. e5 c5 5. a3 Bxc3+ 6. bxc3 Ne7 7. Qg4 O-O 8. Bd3
Nbc6 9. Qh5 Ng6 10. Nf3 Qc7 11. Be3 Nce7 12. h4 Nf5 13. g4 Nxe3 14. fxe3 cxd4
15. O-O f6 16. cxd4 Bd7 17. exf6 Qg3+ 18. Kh1 Rxf6 19. Ng5 Qxh4+ 20. Qxh4 Nxh4
21. Bxh7+ Kh8 22. Bd3 Raf8 23. Kh2 Nf3+ 24. Nxf3 Rxf3 25. Rxf3 Rxf3 26. Kg2 Rf8
27. Kg3 Kg8 28. Rh1 b6 29. g5 Ba4 30. Bh7+ Kf7 31. Rf1+ Ke7 32. Rxf8 Kxf8 33.
Kf4 Ke7 34. Ke5 Bb5 35. c3 Be2 36. Bc2 Bg4 37. Bd3 a5 38. Bf1 Bf5 39. Be2 Bh3
40. Bd3 Bg4 41. c4 dxc4 42. Bxc4 Bh3 43. e4 Bg4 44. Bb5 Bd1 45. Bc4 Bg4 46. Bb5
Bd1 47. Bc4 Bg4 48. d5 exd5 49. exd5 Bd7 50. d6+ Ke8 51. Be2 Ba4 52. Kd5 Kd8
53. Bd3 Kd7 54. Bf5+ Kd8 55. Bg4 Ke8 56. Bh5+ Kd7 57. Bg4+ Ke8 58. Bh5+ 1/2-1/2